Obras Escogidas: Tomo I: 1869-1885
Guardado en:
| Hovedforfatter: | |
|---|---|
| Format: | Bog |
| Sprog: | Undetermined |
| Udgivet: |
La Habana, Cuba
Editorial de Ciencias Sociales
2000
|
| Fag: | |
| Tags: |
Tilføj Tag
Ingen Tags, Vær først til at tagge denne postø!
|
MARC
| LEADER | 00000nam a2200000Ia 4500 | ||
|---|---|---|---|
| 008 | 170316s9999 xx 000 0 und d | ||
| 999 | |c 8983 |d 8983 | ||
| 040 | |a cru BVZT | ||
| 090 | |a 860 M-7o v.1 | ||
| 100 | |a Martí, José | ||
| 245 | |a Obras Escogidas: Tomo I: 1869-1885 | ||
| 260 | |a La Habana, Cuba | ||
| 260 | |b Editorial de Ciencias Sociales | ||
| 260 | |c 2000 | ||
| 300 | |a 553 páginas | ||
| 650 | |a LITERATURA LATINOAMERICANA |9 15 | ||
| 942 | |c SALA |h 860 M-7o v.1 |2 z | ||
